Statistics for Fiordland National Park Huts

Click here to take the quiz!

General Stats

  • This quiz has been taken 3 times
  • The average score is 20 of 55

Answer Stats

Answer% Correct
Demon Trail Hut
100%
Mckerrow Island Hut
100%
Back Valley Hut
50%
Big Bay Hut
50%
Caroline Hut
50%
Caswell Sound Hut
50%
Clinton Hut
50%
Dumpling Hut
50%
Eel Creek Hut
50%
Freeman Burn Hut
50%
George Sound Hut
50%
Green Lake Hut
50%
Halfway Hut
50%
Hauroko Burn Hut
50%
Hidden Falls Hut
50%
Hokuri Hut
50%
Iris Burn Hut
50%
Junction Burn Hut
50%
Kaipo Hut
50%
Kintail Hut
50%
Lake Alabaster Hut
50%
Lake Hankinson Hut
50%
Lake Mackenzie Hut
50%
Loch Maree Hut
50%
Mintaro Hut
50%
Moturau Hut
50%
North Borland Hut
50%
Port Craig School Hut
50%
Rodger Inlet Hut
50%
Rodger Inlet Hut - Historic
50%
Shallow Bay Hut
50%
Slaughterburn Hut
50%
Supper Cove Hut
50%
Te Oneroa A-Frame Hut
50%
Upper Spey Hut
50%
West Arm Hut
50%
Westies Hut
50%
Borland Bivvy
0%
Clark Hut - A Frame
0%
Clark Hut - Historic
0%
Glasinock Hut
0%
Lake Howden Hut
0%
Lake Poteriteri Hut
0%
Lake Roe Hut
0%
Lake Thompson Hut
0%
Landing Shed
0%
Luxmore Hut
0%
Martins Bay Hut
0%
Monowai Hut
0%
Olivine Hut
0%
Teal Bay Hut
0%
The Gut Hut
0%
Wairaurahiri Hut
0%
Waitutu Hut
0%
Worsley Hut
0%

Score Distribution

Percentile by Number Answered

Percent of People with Each Score

Your Score History

You have not taken this quiz